|
|
|
|
| LEADER |
00000nam0a2200000 4500 |
| 001 |
341984 |
| 005 |
20231102005414.0 |
| 010 |
|
|
|a 9785976506978
|
| 010 |
|
|
|a 978-5-02-034664-2
|
| 035 |
|
|
|a (RuTPU)RU\TPU\book\370431
|
| 090 |
|
|
|a 341984
|
| 100 |
|
|
|a 20181121d2008 k y0rusy50 ca
|
| 101 |
0 |
|
|a rus
|
| 102 |
|
|
|a RU
|
| 105 |
|
|
|a a z 001zy
|
| 200 |
1 |
|
|a Вычислительные модели потокораспределения в электрических системах
|e [монография]
|f Б. И. Аюев [и др.]
|g под ред. П. И. Бартоломея
|
| 210 |
|
|
|a Москва
|c Флинта
|c Наука
|d 2008
|
| 215 |
|
|
|a 256 с.
|c ил.
|
| 320 |
|
|
|a Библиогр.: с. 247-253
|
| 330 |
|
|
|a В монографии рассматриваются теоретические и практические аспекты реализации расчета потокораспределения электрических систем на ЭВМ. На единой научно-методической базе представлены и проанализированы существующие вычислительные модели установившихся режимов и их современные модификации. Для научных работников, проектировщиков, персонала служб диспетчерского управления электрических систем, аспирантов и студентов электроэнергетических специальностей.
|
| 606 |
1 |
|
|a Электрические системы
|x Режим работы
|2 stltpush
|3 (RuTPU)RU\TPU\subj\27586
|9 51314
|
| 610 |
1 |
|
|a установившиеся режимы
|
| 610 |
1 |
|
|a математические модели
|
| 610 |
1 |
|
|a уравнения
|
| 610 |
1 |
|
|a решение
|
| 610 |
1 |
|
|a алгоритмы
|
| 610 |
1 |
|
|a методы
|
| 610 |
1 |
|
|a несимметричные режимы
|
| 610 |
1 |
|
|a расчет
|
| 610 |
1 |
|
|a вычислительные аспекты
|
| 610 |
1 |
|
|a монографии
|
| 675 |
|
|
|a 621.311.004.13
|v 4
|
| 701 |
|
1 |
|a Аюев
|b Б. И.
|g Борис Ильич
|
| 701 |
|
1 |
|a Давыдов
|b В. В.
|g Виктор Васильевич
|
| 701 |
|
1 |
|a Ерохин
|b П. М.
|g Петр Михайлович
|
| 701 |
|
1 |
|a Неуймин
|b В. Г.
|g Владимир Геннадьевич
|
| 702 |
|
1 |
|a Бартоломей
|b П. И.
|4 340
|
| 801 |
|
1 |
|a RU
|b 63413507
|c 20181121
|
| 801 |
|
2 |
|a RU
|b 63413507
|c 20191224
|g RCR
|
| 942 |
|
|
|c BK
|